Welcome to Marium Abdulla Library

Embrace knowledge with a breath of fresh air.

Browse Collection

Marium Abdulla Library

An introduction to landscape design and construction / (Record no. 10374)

MARC details
000 -LEADER
fixed length control field 02152cam a2200397 a 4500
001 - CONTROL NUMBER
control field 12407
003 - CONTROL NUMBER IDENTIFIER
control field OSt
005 - DATE AND TIME OF LATEST TRANSACTION
control field 20250808150610.0
008 - FIXED-LENGTH DATA ELEMENTS--GENERAL INFORMATION
fixed length control field 980127s1999 enka bi 000 0 eng
010 ## - LIBRARY OF CONGRESS CONTROL NUMBER
LC control number 98009674
035 ## - SYSTEM CONTROL NUMBER
System control number 1669233
035 ## - SYSTEM CONTROL NUMBER
System control number (DLC) 98009674
040 ## - CATALOGING SOURCE
Original cataloging agency DLC
Transcribing agency DLC
Modifying agency DLC
050 00 - LIBRARY OF CONGRESS CALL NUMBER
Classification number SB472.45
Item number .B58 1999
082 00 - DEWEY DECIMAL CLASSIFICATION NUMBER
Classification number 712 BLA
Edition information 21
Item number 12407
100 1# - MAIN ENTRY--PERSONAL NAME
Personal name Blake,James,
Dates associated with a name 1961-
245 13 - TITLE STATEMENT
Title An introduction to landscape design and construction /
Statement of responsibility, etc. James Blake.
246 30 - VARYING FORM OF TITLE
Title proper/short title Landscape design and construction
260 ## - PUBLICATION, DISTRIBUTION, ETC.
Place of publication, distribution, etc. Aldershot, Hampshire, England ;
-- Brookfield, Vt. :
Name of publisher, distributor, etc. Gower,
Date of publication, distribution, etc. c2016.
300 ## - PHYSICAL DESCRIPTION
Extent xv, 307 p. :
Other physical details ill. ;
Dimensions 26 cm.
336 ## - CONTENT TYPE
Content type term text
Content type code txt
Source rdacontent
337 ## - MEDIA TYPE
Media type term unmediated
Media type code n
Source rdamedia
338 ## - CARRIER TYPE
Carrier type term volume
Carrier type code nc
Source rdacarrier
504 ## - BIBLIOGRAPHY, ETC. NOTE
Bibliography, etc. note Includes bibliographical references (p. 293) and index.
520 ## - SUMMARY, ETC.
Summary, etc. How do you design a landscape suitable for its intended uses? How can the natural landscape be enhanced with new features and focal points? How can you make pedestrians stay on the footpath? What sort of contract should you choose for your client's contractor? This introduction to landscape design aims to tackle all of these questions and guide the student through the many facets of professional practice and welding together the artistic, legal, financial, environmental and management issues. The relative merits of hard and soft landscaping are examined and the book provides a step-by-step guide through all the stages of project management, from initial discussions and site inspection, to final plans and drawings and maintenance.
650 #0 - SUBJECT ADDED ENTRY--TOPICAL TERM
Topical term or geographic name entry element Landscape design.
650 #0 - SUBJECT ADDED ENTRY--TOPICAL TERM
Topical term or geographic name entry element Home & Garden
650 #0 - SUBJECT ADDED ENTRY--TOPICAL TERM
Topical term or geographic name entry element Plant breeding 
650 #0 - SUBJECT ADDED ENTRY--TOPICAL TERM
Topical term or geographic name entry element Landscape architecture.
650 #0 - SUBJECT ADDED ENTRY--TOPICAL TERM
Topical term or geographic name entry element Building.
Form subdivision Construction
906 ## - LOCAL DATA ELEMENT F, LDF (RLIN)
a 7
b cbc
c orignew
d 1
e ocip
f 19
g y-gencatlg
942 ## - ADDED ENTRY ELEMENTS (KOHA)
Source of classification or shelving scheme Dewey Decimal Classification
Koha item type Book
Suppress in OPAC No
Holdings
Date last seen Total checkouts Full call number Barcode Price effective from Koha item type Lost status Damaged status Not for loan Collection Withdrawn status Home library Current library Shelving location Date acquired Source of acquisition Cost, normal purchase price
10/26/2021   712 BLA 12407 10/26/2021 Book       Architecture   Marium Abdulla Library Marium Abdulla Library Non-Ref 09/20/2016 Sarah Jafri 2500.00